مكتبة جامعة عجلون الوطنية

فهرس بحث المكتبة

Normal view MARC view
  • عبد الوهاب، اكرم

Entry Personal Name

Number of records used in: 1

001 - CONTROL NUMBER

  • control field: 8768

003 - CONTROL NUMBER IDENTIFIER

  • control field: JO-AjAnu

005 - DATE AND TIME OF LATEST TRANSACTION

  • control field: 20230606071719.0

008 - FIXED-LENGTH DATA ELEMENTS

  • fixed length control field: 230606|| aca||aabn | a|a d

040 ## - CATALOGING SOURCE

  • Original cataloging agency: JO-AjAnu
  • Transcribing agency: JO-AjAnu

100 ## - HEADING--PERSONAL NAME

  • Personal name: عبد الوهاب، اكرم

670 ## - SOURCE DATA FOUND

  • Source citation: Work cat.: (JO-AjAnu)4525: عبد الوهاب، اكرم, author, الامداد بشرح منظمومة الاسناد وفية تراجم للعلماء الاعلام واهم مصادر الاسلام، الجزء الأول